1933 1201 1079 1690 1981 1135 1077 1926 1896 1250 1158 1989 1078 1299 1197 1673 1811 1239 1650 1911 1107 1782 1827 1329 1313 1222 1096 1065 1285 1472 1192 1612 1018 1893 1781 1298 1849 1072 1787 1398 1982 1571 1830 1253 2000 1597 1869 1194 1060 1555 1890 1729 1933 1414 1203 1820 1432 1262 1025 1376 1240 1217 1181 1997 1498 1082 1404 1126 1613 1056 1353 1000 1266 1046 1779 1317 1395 1127 1946 1818 1676 1831 1712 1417 1498 1139 1349 1635 1402 1907 1104 1199 1757 1076 1451 1146 1795 1206 1934 BCNSPRNW ULIB Ver.6.0+V

เปลี่ยนเป็นภาษาไทย

Change to English
 แสดงรายละเอียดบรรณานุกรม
  กลับหน้าหลัก

Brief Record : Get Marc (ISO 2709) : E-mail record : QR code < ปิดหน้าต่าง
LEADER : 00000nam 2200000uu 4500
001    13399115043
003     ULIB
008    120705s2548||||th 000 0 tha d
060  4 วจ.WY18^bอ653ค
100 0  อารี สุวรรณโชติ
245 00 ความคิดเห็นและความต้องการการศึกษาต่อเนื่องทางการพยาบาลของพยาบาล โรงพยาบาลสมเด็จพระบรมราชเทวี ศรีราชา จังหวัดชลบุรี
260    ชลบุรี:^bวิทยานิพนธ์ สาขาวิชาการบริหารการพยาบาล ม.บูรพา,^c 2548
945    ^p0^l0^i018231
990    เกษร
999 ^a ศิริพร
รายการนี้ยังไม่มีแท็ก
คุณยังไม่ได้ล็อกอิน คุณสามารถมีกิจกรรมร่วมกับเว็บไซต์ได้ แต่ต้องล็อกอินก่อน ::
  ล็อกอิน

รายการสื่อสารสนเทศ

ลำดับที่ ประเภท เลขเรียก/บาร์โค้ด สถานที่ สถานะ
1. วิทยานิพนธ์
วิทยานิพนธ์
วจ.WY18 อ653ค  
  Barcode: 018231
ห้องสมุดวิทยาเขตสวรรค์ประชารักษ์
►วิจัย
บนชั้น

BibComment


ยังไม่เคยถูกคอมเมนท์

คอมเมนท์ทรัพยากรรายการนี้
  คอมเมนท์: ความคิดเห็นและควา..


 Copyright 2026. Bcnsprnw @Library